Statistics for TMNT 2012: Whose weapon?

Click here to take the quiz!

General Stats

  • This quiz has been taken 4 times
  • The average score is 18 of 26

Answer Stats

Answer% Correct
Donatello
100%
Leonardo
100%
Michelangelo
100%
Raphael
100%
Shredder
100%
April
75%
Casey
75%
Casey
75%
Karai
75%
Leonardo
75%
Leonardo
75%
Michelangelo
75%
Raphael
75%
Raphael
75%
Shinigami
75%
Splinter
75%
Casey
50%
Donatello
50%
Kraang Subprime
50%
Mona Lisa
50%
Renet
50%
Slash
50%
Tiger Claw
50%
Alopex
25%
April
25%
April
25%

Score Distribution

Percentile by Number Answered

Percent of People with Each Score

Your Score History

You have not taken this quiz